00400nam a2200085Ia 4500008004100000100001700041245016000058260008400218546001200302220512s9999 xx 000 0 eng d aBhui, Ujjwal 0aLivelihood in the Era of global tourism : a sociological study of some tourist service providing occupational groups in darjeeling himalaya /cBhui, Ujjwal aWest Bengal :bCentre for Himalayas Studies University of North Bengal,cJul-05 aEnglish